000 00392nam a22001577a 4500
003 OSt
005 20211015095911.0
008 211015b |||||||| |||| 00| 0 eng d
020 _a0931790131
040 _chu
100 _akathleen courrier
_913843
245 _alife after,80: environmental choices we can live with
260 _bamerica
_c1980
300 _a280
942 _2ddc
_cBOOKS
_n0
999 _c12925
_d12925